| 000 | 00380nam a2200145Ia 4500 | ||
|---|---|---|---|
| 008 | 231129s2001||||xx |||||||||||||| ||spa|| | ||
| 020 | _a958-638-385-7 | ||
| 040 | _bspa | ||
| 082 | _a398.209861 S199c | ||
| 100 | _aSanchez Lopez Luis Maria | ||
| 245 | 0 | _aColombia: mitos y leyendas | |
| 260 | _c2001 | ||
| 264 | _aColina | ||
| 942 |
_2ddc _cBKS |
||
| 999 |
_c7373 _d7373 |
||